| 000 | 00563nam a22001817a 4500 | ||
|---|---|---|---|
| 005 | 20250523150501.0 | ||
| 010 | _aENG-145016 | ||
| 020 |
_a9789380574172 _c950.00 |
||
| 035 | _aEN-128548 | ||
| 037 | _bDBAD | ||
| 082 |
_a230.2 _21 |
||
| 100 |
_aVartak, Pradmakarvishnu _981378 |
||
| 245 |
_aThe Gleams Of Science In The Upanisads And Srimad Bhagwat Gita/ _cPradmakarvishnu Vartak |
||
| 260 |
_aDelhi _bBookwell _c2010 |
||
| 270 |
_a3/79,Nirankari Colony _bDelhi _e1100009 |
||
| 300 |
_axxiii,363p. _c24cm(Hb) |
||
| 942 |
_2ddc _cEN _h230.12 _mVAR |
||
| 999 |
_c211405 _d211405 |
||